Manual de gestión del medio ambiente
Salvato in:
| Autore principale: | |
|---|---|
| Natura: | Libro |
| Lingua: | spagnolo |
| Pubblicazione: |
Barcelona
Ariel
1997
|
| Serie: | Ariel Economía
|
| Soggetti: | |
| Tags: |
Aggiungi Tag
Nessun Tag, puoi essere il primo ad aggiungerne!!
|
MARC
| LEADER | 00000nam a2200000 a 4500 | ||
|---|---|---|---|
| 001 | UCO9483 | ||
| 003 | CL-VaPUC | ||
| 008 | 010302e19970900SP |||||||||||||||||spa|d | ||
| 082 | 0 | 4 | |a 363.7 |b SOL |2 21 |
| 100 | 0 | |a Soler Manuel, Manuel A |e author |9 454672 | |
| 245 | 1 | 0 | |a Manual de gestión del medio ambiente |
| 300 | |a 475 p | ||
| 942 | |c BK | ||
| 945 | |d 20010302 00:00:00 |a cmena | ||
| 260 | |a Barcelona |b Ariel |c 1997 | ||
| 650 | 0 | |a Gestión ambiental |9 338121 | |
| 650 | 0 | |a Educación ambiental |9 262920 | |
| 650 | 0 | |a Medio ambiente |9 257625 | |
| 650 | 0 | |a Ecología |9 258124 | |
| 583 | |a last modification |c 20010302 00:00:00 |k Rodrigo Vera | ||
| 490 | 0 | |a Ariel Economía | |
| 999 | |c 293689 |d 293687 | ||
| 952 | |0 0 |1 0 |4 0 |6 363_700000000000000_SOL_1997 |7 0 |8 A |9 345381 |a BIBEDU |b BIBEDU |d 2019-11-20 |i 3685632 |o 363.7 SOL 1997 |p 3685632 |r 2019-11-20 |w 2019-11-20 |y BK |k PSI | ||